[Event "Nikaia Fysiolatriko op B"]
[Site "Nikaia"]
[Date "2015.06.19"]
[Round "3"]
[White "Gkikas, Ioannis"]
[Black "Alexopoulos, Alexandros"]
[Result "1-0"]
[WhiteElo "1456"]
[BlackElo "1191"]
[PlyCount "61"]
[EventDate "2015.06.16"]
[EventType "swiss"]
[EventRounds "9"]
[EventCountry "GRE"]
[SourceTitle "EXT 2024"]
[Source "ChessBase"]
[SourceDate "2023.10.10"]
[SourceVersion "1"]
[SourceVersionDate "2023.10.10"]
[SourceQuality "1"]

1. e4 c5 2. Nf3 Nc6 3. d4 cxd4 4. Nxd4 d6 5. Nc3 Nf6 6. Be3 Ng4 7. Bg5 h6 8. Bh4 g5 9. Bg3 Bg7 10. Bb5 Bd7 11. Nxc6 bxc6 12. Bxc6 Bxc6 13. Qxg4 Rb8 14. 0-0 Rxb2 15. Nd5 Rxc2 16. Rac1 Bd7 17. Qf3 Rxa2 18. Nc7+ Kf8 19. Rfd1 Kg8 20. h4 Rh7 21. Nd5 Bh8 22. Rb1 Rb2 23. Rxb2 Bxb2 24. Qb3 Bh8 25. Rc1 gxh4 26. Bxh4 Be6 27. Qg3+ Rg7 28. Nxe7+ Kh7 29. Qd3 Qa8 30. e5+ f5 31. exf6+ 1-0